| 000 | 00814nam a2200241 a 4500 | ||
|---|---|---|---|
| 001 | 2572 | ||
| 003 | CDMR | ||
| 005 | 20151030104202.0 | ||
| 008 | 130130s1984||||||||||||||||||||||||||||d | ||
| 020 | _a8420680818 | ||
| 040 |
_aCDMR _bcat _cCDMR |
||
| 100 | 1 |
_aAkmajian, Adrián _91930 |
|
| 245 | 1 | 0 |
_aLingüística _b: una introducción al lenguaje y la comunicación _cAdrian Akmajian, Richard A. Demers y Robert M. Harnish ; adaptación y traducción de Violeta Demonte y Magdalena Mora |
| 260 |
_aMadrid _c1984 _bAlianza |
||
| 300 | _a394 p. | ||
| 490 | 0 |
_aAlianza Universidad. Textos _v81 |
|
| 650 | 0 | 4 |
_94377 _aLlenguatge i llengües |
| 650 | 0 | 4 |
_94481 _aComunicació animal |
| 650 | 0 | 4 |
_9388 _aComunicació humana |
| 700 | 1 |
_94479 _aDemers, Richard A. |
|
| 700 | 1 |
_94480 _aHarnish, Robert M. |
|
| 942 |
_cMON _2udc |
||
| 999 |
_c2572 _d2572 |
||